000 00204nam a22000857a 4500
001 1235121
005 20250930101445.0
245 _aÇAT KAPI DAYIM
_cFADİME USLU
260 _bGÜNIŞIĞI KİTAPLIĞI YAYINLARI
999 _c1235121
_d1235121